Catalog

Record Details

Catalog Search



Save yourself! / written by Bones Leopard ; art by ... Read More

Available copies

  • 1 of 2 copies available at LARL/NWRL Consortium.

Current holds

0 current holds with 2 total copies.

Show All Copies
Location Call Number / Copy Notes Barcode Shelving Location Status Due Date
Moorhead Public Library Y G LEO (Text) 33500013571468 Main Available -

Record details

  • ISBN: 1684158117
  • ISBN: 9781684158119
  • Physical Description: 1 volume (unpaged) : color illustrations ; 26 cm
  • Publisher: Los Angeles, CA : BOOM! Box, 2022.

Content descriptions

General Note:
"Originally published in single magazine form as Save yourself! No. 1-4."
Summary, etc.:
Aoe, Thel, and Gen, better known as The Lovely ... Read More
Subject: Women superheroes > Comic books, strips, etc. > Fiction.
Magic > Comic books, strips, etc. > Fiction.
Human-alien encounters > Comic books, strips, etc. > Fiction.
Superhéroïnes > Bandes dessinées > Romans, nouvelles, etc.
Rencontres avec les extraterrestres > Bandes dessinées > Romans, nouvelles, etc.
Human-alien encounters.
Magic.
Women superheroes.
Genre: Comics (Graphic works)
Fantasy comics.
Graphic novels.
Fantasy comics.
Comics (Graphic works)
Graphic novels.
Bandes dessinées.
LDR 02654cam a2200505Mi 4500
001385467
003LARL_NWRL_CONSORTIUM
00520220331211908.0
008210806s2022 caua 6 000 1 eng d
040 . ‡aYDX ‡beng ‡erda ‡cYDX ‡dBDX ‡dIUO ‡dOCLCF ‡dOCLCO
020 . ‡a1684158117 ‡q(paperback)
020 . ‡a9781684158119 ‡q(paperback)
035 . ‡a(OCoLC)1262965500
1001 . ‡aLeopard, Bones, ‡eauthor.
24510. ‡aSave yourself! / ‡cwritten by Bones Leopard ; art by Kelly & Nichole Matthews ; lettered by Jim Campbell.
264 1. ‡aLos Angeles, CA : ‡bBOOM! Box, ‡c2022.
300 . ‡a1 volume (unpaged) : ‡bcolor illustrations ; ‡c26 cm
336 . ‡atext ‡btxt ‡2rdacontent
336 . ‡astill image ‡bsti ‡2rdacontent
337 . ‡aunmediated ‡bn ‡2rdamedia
338 . ‡avolume ‡bnc ‡2rdacarrier
4900 . ‡aSave yourself! ; ‡v1
500 . ‡a"Originally published in single magazine form as Save yourself! No. 1-4."
520 . ‡aAoe, Thel, and Gen, better known as The Lovely Trio, first burst onto the scene five years ago when they saved Earth from a surprise space monster attack. As a result, everyone idolizes them as super-heroic pop icon magical girls, including Gigi, whose brother died as a bystander in one of their battles. But when Gigi witnesses the Lovely Trio battling a monster firsthand, she sees something that causes her to question everything she thought she ever knew about her heroes, and the "monsters" they fight, who may not be monsters are all!
650 0. ‡aWomen superheroes ‡vComic books, strips, etc. ‡vFiction.
650 0. ‡aMagic ‡vComic books, strips, etc. ‡vFiction.
650 0. ‡aHuman-alien encounters ‡vComic books, strips, etc. ‡vFiction.
650 6. ‡aSuperhéroïnes ‡vBandes dessinées ‡vRomans, nouvelles, etc.
650 6. ‡aRencontres avec les extraterrestres ‡vBandes dessinées ‡vRomans, nouvelles, etc.
650 7. ‡aHuman-alien encounters. ‡2fast ‡0(LARL_NWRL_CONSORTIUM)40745
650 7. ‡aMagic. ‡2fast ‡0(LARL_NWRL_CONSORTIUM)24943
650 7. ‡aWomen superheroes. ‡2fast
655 7. ‡aComics (Graphic works) ‡2fast
655 7. ‡aFantasy comics. ‡2fast
655 7. ‡aGraphic novels. ‡2fast
655 7. ‡aFantasy comics. ‡2lcgft
655 7. ‡aComics (Graphic works) ‡2lcgft
655 7. ‡aGraphic novels. ‡2lcgft
655 7. ‡aBandes dessinées. ‡2rvmgf
7001 . ‡aMatthews, Kelly ‡c(Comic book artist), ‡eartist.
7001 . ‡aMatthews, Nichole, ‡eartist.
7001 . ‡aCampbell, Jim ‡c(Letterer), ‡eletterer.
901 . ‡a385467 ‡bOCoLC ‡c385467 ‡tbiblio ‡soclc

Additional Resources